Nghiên cứu và đào tạo chính sách công tại Việt Nam = Public policy research and training in Vietnam
Nội dung đề tài: Các tổ chức nghiên cứu tư vấn chính sách tại các nước đang chuyển đổi; Các tổ chức nghiên cứu chính sách công tại Việt Nam; Một quan điểm từ nước ngoài; Kinh nghiệm phát triển hoạt động nghiên cứu chính sách công của...
保存先:
| フォーマット: | 図書 |
|---|---|
| 言語: | Undetermined |
| 出版事項: |
Hà Nội
Thống kê
2005
|
| 主題: | |
| タグ: |
タグ追加
タグなし, このレコードへの初めてのタグを付けませんか!
|
| Thư viện lưu trữ: | Trung tâm Học liệu Trường Đại học Cần Thơ |
|---|
| LEADER | 01088nam a2200193Ia 4500 | ||
|---|---|---|---|
| 001 | CTU_187534 | ||
| 008 | 210402s9999 xx 000 0 und d | ||
| 082 | |a 354 | ||
| 082 | |b Ngh305 | ||
| 245 | 0 | |a Nghiên cứu và đào tạo chính sách công tại Việt Nam = | |
| 245 | 0 | |b Public policy research and training in Vietnam | |
| 245 | 0 | |c Biên soạn: Toru Hashimoto, Stefan Hell, Sang-Woo Nam | |
| 260 | |a Hà Nội | ||
| 260 | |b Thống kê | ||
| 260 | |c 2005 | ||
| 520 | |a Nội dung đề tài: Các tổ chức nghiên cứu tư vấn chính sách tại các nước đang chuyển đổi; Các tổ chức nghiên cứu chính sách công tại Việt Nam; Một quan điểm từ nước ngoài; Kinh nghiệm phát triển hoạt động nghiên cứu chính sách công của Hàn Quốc; Đào tạo chính sách công tại Việt Nam... | ||
| 650 | |a Public administration,Quản lý nhà nước | ||
| 904 | |i Giang | ||
| 980 | |a Trung tâm Học liệu Trường Đại học Cần Thơ | ||